00350cam a22001097a 4500008004000000082002500040100002500065245003300090260005200123300001100175440005400186180718b1977 xxu||||| |||| 00| 0 eng d aA81x54 In2/71/9/PT9A aCensus of India 1971 aKerala: administrative atlas aTrivandrumbDirector of Census Operationsc1977 a265+p. aCensus of India 1971. Series-9, Kerala. Part IX-A